OGC Nice 8-0 ASSE : Les compositions d'équipe - Statistiques

Statistiques générales
  • Ce quiz a été pris 143 fois
  • Le résultat moyen est 16 sur 34
Statistiques - réponses
Poste Joueur/Entraîneur % Correct
Gardien Larsonneur
73%
Défenseur central Dante
71%
Gardien Bulka
70%
Entraîneur Haise
66%
Piston gauche Bard
65%
Attaquant Stassin
63%
Entraîneur Dall'Oglio
60%
Attaquant Guessand
57%
Défenseur central Abdelhamid
56%
Piston droit Clauss
55%
Attaquant Moukoko
54%
Attaquant Cho
53%
Ailier droit Davitashvili
52%
Défenseur central Batubinsika
51%
Latéral droit Appiah
49%
Remplaçant Nadé
49%
Remplaçant Pétrot
48%
Remplaçant Sissoko
48%
AIlier gauche Cafaro
47%
Milieu relayeur Rosario
46%
Milieu relayeur Ndombélé
45%
Latéral gauche Cornud
44%
Remplaçant Bouchouari
43%
Milieu défensif Ekwah
43%
Défenseur central Bombito
41%
Milieu relyeur Moueffek
41%
Milieu relayeur Amougou
38%
Remplaçant Diop
36%
Remplaçant Old
33%
Défenseur central Ndayishimiye
29%
Remplaçant Abdi
27%
Remplaçant Bouanani
27%
Remplaçant Louchet
23%
Remplaçant Orakpo
14%
Aucun quiz correspondant
Distribution des résultats
% des personnes avec chaque résultat
Percentile par nombre de réponses
Votre historique - résultats
Vous n’avez pas pris ce quiz